| 000 | 00485nam a2200169 4500 | ||
|---|---|---|---|
| 001 | 113553 | ||
| 003 | ES-MaACL | ||
| 005 | 20230906185934.0 | ||
| 007 | t| | ||
| 008 | 061121s1970 sp r ||||1| spa d | ||
| 100 | 0 |
_aNoel, Eugenio, _d1885-1936 _985823 |
|
| 245 | 1 | 0 |
_aAmérica bajo la lupa / _cEugenio Noel. |
| 260 |
_aMadrid : _bEdaf, _c1970. |
||
| 300 |
_a313 p., 1 lám. : _bil. `retr. aut` ; _c19 cm. |
||
| 852 |
_aES-MaACL _jC-40066 _bR.76527 |
||
| 999 |
_c113553 _d113553 |
||